| Tag |
First Indicator |
Second Indicator |
Subfields |
| LEADER |
00000cam a2200000 4500 |
| 001 |
in00000366141 |
| 005 |
20151011074351.0 |
| 008 |
731116s1972 mx a 00000 spa |
| 010 |
|
|
|a 74233237
|
| 035 |
|
|
|a (OCoLC)00743635
|
| 035 |
|
|
|9 ABP4858AM
|
| 040 |
|
|
|c PIT
|d TXA
|d UtOrBLW
|
| 041 |
0 |
|
|a spa
|a eng
|
| 049 |
|
|
|a TXAM
|c [1397532]
|
| 050 |
0 |
0 |
|a GN37
|b .M383 no.12
|
| 100 |
1 |
|
|a Ramon, Adela.
|
| 245 |
1 |
0 |
|a Dioses zapotecos. :
|b Zapotec gods /
|c [Traduccion: Doris Heyden.
|
| 264 |
|
1 |
|a Mexico] :
|b Museo Nacional de Antropologia, Servicios Educativos,
|c [1972]
|
| 300 |
|
|
|a 30 pages :
|b illustrations ;
|c 16 cm.
|
| 336 |
|
|
|a text
|b txt
|2 rdacontent
|
| 337 |
|
|
|a unmediated
|b n
|2 rdamedia
|
| 338 |
|
|
|a volume
|b nc
|2 rdacarrier
|
| 490 |
1 |
|
|a Museo Nacional de Antropologia. Servicios Educativos. Coleccion breve, 12
|
| 500 |
|
|
|a Cover title.
|
| 500 |
|
|
|a Spanish and English.
|
| 650 |
|
0 |
|a Zapotec Indians
|x Religion.
|
| 740 |
0 |
|
|a Zapotec gods.
|
| 830 |
|
0 |
|a Coleccion breve (Museo Nacional de Antropologia (Mexico). Servicios Educativos) ;
|v no. 12.
|
| 999 |
|
|
|a MARS
|
| 999 |
f |
f |
|s 93dfa39f-5b5d-33a7-a6ee-c6b28c0efe67
|i e375549d-61ec-3cdf-b084-5031f9eb7258
|t 0
|
| 952 |
f |
f |
|p ric
|a Texas A&M University
|b Rellis Campus
|c Joint Library Facility
|d Remote Storage
|t 0
|e GN37 .M383 no.12
|h Library of Congress classification
|i unmediated -- volume
|m A14802418793
|
| 998 |
f |
f |
|a GN37 .M383 no.12
|t 0
|l Remote Storage
|